The external development of certain phyllopods
Guardat en:
| Format: | Llibre |
|---|---|
| Idioma: | Undetermined |
| Publicat: |
New York
[1924]
|
| Matèries: | |
| Etiquetes: |
Afegir etiqueta
Sense etiquetes, Sigues el primer a etiquetar aquest registre!
|
| Thư viện lưu trữ: | Trung tâm Học liệu Trường Đại học Cần Thơ |
|---|
| LEADER | 00410nam a2200157Ia 4500 | ||
|---|---|---|---|
| 001 | CTU_149971 | ||
| 008 | 210402s9999 xx 000 0 und d | ||
| 082 | |a 595.32 | ||
| 082 | |b E96 | ||
| 245 | 4 | |a The external development of certain phyllopods | |
| 260 | |a New York | ||
| 260 | |c [1924] | ||
| 650 | |a Artemia | ||
| 650 | |x Research | ||
| 904 | |i Năm | ||
| 980 | |a Trung tâm Học liệu Trường Đại học Cần Thơ | ||